000
00344nam a2200133Ia 4500
008
231129s9999||||xx |||||||||||||| ||spa||
020
_a
84-206-2103-X
040
_b
spa
082
_a
401 A464f
100
_a
Alston William P.
245
0
_a
Filosofia del lenguaje
264
_a
Alianza
942
_2
ddc
_c
BKS
999
_c
13972
_d
13972